| 000 | 00486nam a2200169Ia 4500 | ||
|---|---|---|---|
| 003 | OSt | ||
| 005 | 20200617104519.0 | ||
| 008 | 190216s9999||||xx |||||||||||||| ||und|| | ||
| 040 | _coclc | ||
| 082 |
_a954 _bVEN/M |
||
| 100 |
_aVenu, P _92514 |
||
| 245 | 0 |
_aModern Indian History Since 1857 / _cP Venu |
|
| 260 |
_bCalicut University Central Co-Operative, _c2001. _aMalapuram: |
||
| 300 | _a201p | ||
| 650 | _aHistory | ||
| 942 |
_cBK _2ddc _h954 _iVEN/M _k954 _mVEN/M |
||
| 999 |
_c21881 _d21881 |
||